Figure out the Lyrics - Classic Hip Hop Quiz Stats

 Plays Quiz not verified by Sporcle

Challenge
Share
Tweet
Embed
Score 0/290 Timer 10:00
0 Plays Today
% Correct
I
96.5%
I
96.5%
I
96.5%
I
96.5%
I
96.5%
I
96.5%
I
96.5%
I
96.5%
a
89.6%
a
89.6%
a
89.6%
a
89.6%
a
89.6%
a
89.6%
a
89.6%
a
89.6%
a
89.6%
A
89.6%
the
85.4%
the
85.4%
the
85.4%
D
76.4%
you
69.4%
You
69.4%
To
68.1%
to
68.1%
to
68.1%
to
68.1%
to
68.1%
to
68.1%
to
68.1%
to
68.1%
me
67.4%
me
67.4%
we
66.7%
we
66.7%
we
66.7%
we
66.7%
we
66.7%
We
66.7%
we
66.7%
we
66.7%
we
66.7%
on
66%
on
66%
on
66%
on
66%
on
66%
it
66%
on
66%
it.
66%
is
65.3%
is
65.3%
is
65.3%
is
65.3%
no
59.7%
be
59.7%
go
56.9%
In
56.9%
in
56.9%
and
55.6%
and
55.6%
and
55.6%
and
55.6%
and
55.6%
and
55.6%
This
52.1%
this
52.1%
this
52.1%
that
51.4%
that
51.4%
my
50%
my
50%
my
50%
When
47.9%
her
45.8%
her
45.8%
her
45.8%
are
45.8%
her
45.8%
her,
45.8%
are
45.8%
they
45.1%
They
45.1%
they
45.1%
of
45.1%
they
45.1%
They
45.1%
They
45.1%
of
45.1%
what
43.8%
all
41.7%
up
41.7%
up
41.7%
all
41.7%
up
41.7%
like
41%
% Correct
not
40.3%
know
40.3%
not
40.3%
not
40.3%
not
40.3%
us
38.9%
your
38.9%
was
38.2%
time
37.5%
time
37.5%
time
37.5%
time
37.5%
time
37.5%
time
37.5%
don't
36.8%
don't
36.8%
don't
36.8%
it's
36.1%
It's
36.1%
It's
36.1%
It's
36.1%
it's
36.1%
It's
36.1%
it's
36.1%
It's
36.1%
it's
36.1%
It's
36.1%
can't
35.4%
I'm
35.4%
I'm
35.4%
I'm
35.4%
I'm
35.4%
I'm
35.4%
out,
34.7%
too
34.7%
girl
33.3%
down
32.6%
have
31.9%
with
31.9%
but
31.3%
but
31.3%
but
31.3%
but
31.3%
just
29.9%
just
29.9%
just
29.9%
just
29.9%
here
29.2%
say
29.2%
Then
29.2%
right
28.5%
right
28.5%
right
28.5%
now
28.5%
think
26.4%
Or
26.4%
think
26.4%
think
26.4%
every
25.7%
some
23.6%
had
21.5%
going
21.5%
real
20.8%
try
20.8%
that's
20.1%
that's
20.1%
that's
20.1%
take
20.1%
Always
20.1%
walk
19.4%
because
19.4%
ain't
19.4%
said
18.8%
New
18.8%
rock
17.4%
rhyme
17.4%
rock
17.4%
rhyme,
17.4%
rock
17.4%
rhyme
17.4%
rock
17.4%
rhyme
17.4%
rock
17.4%
rhyme
17.4%
house
17.4%
rock
17.4%
rhyme,
17.4%
rhyme
17.4%
rhyme
17.4%
rock
17.4%
Went
16.7%
easy
16.7%
cause
16.7%
cause
16.7%
cause
16.7%
cause
16.7%
cause
16.7%
% Correct
cause
16.7%
Tricky
16%
Tricky
16%
Tricky
16%
Tricky
16%
Tricky
16%
Tricky
16%
tricky
16%
tricky
16%
tricky
16%
talk
16%
make
16%
wake
16%
make
16%
little
15.3%
nothin'
15.3%
leave
14.6%
they're
14.6%
leave
14.6%
met
13.9%
really
13.9%
people
13.9%
really
13.9%
people
13.9%
people
13.9%
she's
13.9%
own
13.9%
very
13.2%
hair
13.2%
keep
13.2%
keep
13.2%
These
12.5%
York
12.5%
girls
11.8%
city
11.8%
girls
11.8%
curly
11.1%
please
11.1%
mean
11.1%
inside
11.1%
far
11.1%
he's
11.1%
use
11.1%
alone
11.1%
recital,
10.4%
kinda
10.4%
bust
10.4%
early.
10.4%
play
10.4%
vital
9.7%
girlie,
9%
star
9%
who's
8.3%
even
8.3%
pity
7.6%
drugs
7.6%
sleazy,
6.9%
tinted
6.9%
windows
6.9%
named
6.9%
Carol
6.9%
follows
6.9%
Jay
6.9%
dope
6.9%
y'all
6.9%
hide
6.3%
gig
6.3%
poor
6.3%
quit
6.3%
speech
5.6%
spend
5.6%
Daryll
5.6%
lyin'
5.6%
TV
5.6%
bother
5.6%
father
5.6%
lots
5.6%
mostly
4.9%
dissed
4.9%
dismissed
4.9%
jockin'
4.9%
thugs
4.9%
offer
4.9%
coke
4.9%
cryin'
4.2%
shock
4.2%
hawk
3.5%
singin'
3.5%
phone
3.5%
tearin'
3.5%
wearin'
3.5%
assume
3.5%
ringin'
2.8%
title,
2.1%
braggin
2.1%
naggin
1.4%

You're not logged in!

Compare scores with friends on all Sporcle quizzes.
Join for Free
OR
Log In

You Might Also Like...

Show Comments

Extras

Top Quizzes Today


Score Distribution

Your Account Isn't Verified!

In order to create a playlist on Sporcle, you need to verify the email address you used during registration. Go to your Sporcle Settings to finish the process.

Report this User

Report this user for behavior that violates our Community Guidelines.

Details: